<?xml version="1.0" encoding="UTF-8"?>
<record
    xmlns:xsi="http://www.w3.org/2001/XMLSchema-instance"
    xsi:schemaLocation="http://www.loc.gov/MARC21/slim http://www.loc.gov/standards/marcxml/schema/MARC21slim.xsd"
    xmlns="http://www.loc.gov/MARC21/slim">

  <leader>02937nam a22003977a 4500</leader>
  <datafield tag="999" ind1=" " ind2=" ">
    <subfield code="c">21788</subfield>
    <subfield code="d">21788</subfield>
  </datafield>
  <controlfield tag="003">AR-CdUCM</controlfield>
  <controlfield tag="008">190425b           ||||| |||| 00| 0 spa d</controlfield>
  <datafield tag="040" ind1=" " ind2=" ">
    <subfield code="a">MUNICIPALIDAD PROVINCIAL DEL CUSCO</subfield>
    <subfield code="c">BIBLIOTECA MUNICIPAL DEL CUSCO</subfield>
  </datafield>
  <datafield tag="082" ind1=" " ind2=" ">
    <subfield code="a">Rev.IAAC/N&#xB0;3/1944</subfield>
  </datafield>
  <datafield tag="110" ind1=" " ind2=" ">
    <subfield code="a">Instituto Americano de Arte del Cuzco</subfield>
    <subfield code="9">43770</subfield>
  </datafield>
  <datafield tag="245" ind1=" " ind2=" ">
    <subfield code="a">Revista del Instituto Americano de Arte :</subfield>
    <subfield code="b">Publicaci&#xF3;n semestral /</subfield>
  </datafield>
  <datafield tag="260" ind1=" " ind2=" ">
    <subfield code="a">Cusco :</subfield>
    <subfield code="b">Talleres gr&#xE1;ficos La Econ&#xF3;mica,</subfield>
    <subfield code="c">1943.</subfield>
  </datafield>
  <datafield tag="300" ind1=" " ind2=" ">
    <subfield code="a">160 [2] p&#xE1;ginas. :</subfield>
    <subfield code="b">ilustraciones ;</subfield>
    <subfield code="c">24 cm.</subfield>
  </datafield>
  <datafield tag="440" ind1=" " ind2=" ">
    <subfield code="a">Revista del Instituto Americano de Arte Cuzco.</subfield>
    <subfield code="n">A&#xF1;o III, 1&#xB0; semestre de 1944, N&#xB0;3. Vol.I</subfield>
    <subfield code="9">46113</subfield>
  </datafield>
  <datafield tag="505" ind1=" " ind2=" ">
    <subfield code="a">Contenido: Tradiciones cuzque&#xF1;as. Luis Felipe Paredes. -- Un poeta cuzque&#xF1;o. Alfredo Y&#xE9;pez Miranda. -- Documentos de la Historia del Cuzco. Ambrosio Morales O.P. -- Francisco Laso de la Vega. Enrique L&#xF3;pez Alb&#xFA;jar. -- La Atl&#xE1;ntida y el hombre Americano. Jorge Cornejo Bouroncle. -- Markanaka. Aurelio Mart&#xED;nez. -- Folklore Nacional calendario de fiestas populares del departamento del Cuzco. V&#xED;ctor Navarro del &#xC1;guila. --  La gran fiesta del Raymi. Luis A. Pardo. -- Garcilaso. a&#xF1;oranza. Rafael Aguilar. -- Motivos sinf&#xF3;nicos de la poes&#xED;a Sur peruana. Emilio V&#xE1;squez. -- G&#xE9;nesis de los problemas filos&#xF3;ficos y su soluci&#xF3;n m&#xED;tica. C&#xE9;sar Guardia Mayorga. -- El Cuzco en una mansi&#xF3;n Argentina. V&#xED;ctor M. Guillen. -- Ces&#xE1;reo Bernaldo de Quir&#xF3;s y su solar agreste. Ana Mar&#xED;a Garasino. -- Arte y vida. Humberto Vidal. -- Una joya cuzque&#xF1;a de valor incalculable. Manuel E. Cuadros. E. -- Malaco Kancha cuento andino. Humberto Pacheco. -- La sinceridad del pueblo cuzque&#xF1;o. Roberto Barrionuevo. -- Ciro Alegr&#xED;a en el Mundo es Ancho y Ajeno. Martha Alicia Y&#xE9;pez de Fern&#xE1;n Zegarra. -- La rep&#xFA;blica del Cuzco. Alcides F. estrada. -- Canto al Cuzco y sus piedras sagradas. Luis Nieto Miranda. -- A prop&#xF3;sito del Folklore. Blanca A. Ladr&#xF3;n de Guevara. -- Cuzco panor&#xE1;mico. Domingo Velazco Astete. -- Galer&#xED;a de Arte cuzque&#xF1;o. Julio Genaro  Guti&#xE9;rrez Loayza. -- Actividades del Instituto. Celebraci&#xF3;n del D&#xED;a de Cuzco. -- El arte en la escuela. Roberto La Torre.</subfield>
  </datafield>
  <datafield tag="650" ind1=" " ind2=" ">
    <subfield code="a">Arte popular</subfield>
    <subfield code="9">9558</subfield>
  </datafield>
  <datafield tag="650" ind1=" " ind2=" ">
    <subfield code="a">Arte cusque&#xF1;o</subfield>
    <subfield code="9">13165</subfield>
  </datafield>
  <datafield tag="650" ind1=" " ind2=" ">
    <subfield code="a">Historia del Cusco</subfield>
    <subfield code="9">1714</subfield>
  </datafield>
  <datafield tag="650" ind1=" " ind2=" ">
    <subfield code="a">Sairi Tupac</subfield>
    <subfield code="9">46114</subfield>
  </datafield>
  <datafield tag="650" ind1=" " ind2=" ">
    <subfield code="a">Felipe Tupac Amaru</subfield>
    <subfield code="9">46115</subfield>
  </datafield>
  <datafield tag="650" ind1=" " ind2=" ">
    <subfield code="a">Tradiciones cusque&#xF1;as</subfield>
    <subfield code="9">31110</subfield>
  </datafield>
  <datafield tag="650" ind1=" " ind2=" ">
    <subfield code="a">Fiestas populares</subfield>
    <subfield code="9">34730</subfield>
  </datafield>
  <datafield tag="650" ind1=" " ind2=" ">
    <subfield code="a">Inti Raymi</subfield>
    <subfield code="9">9522</subfield>
  </datafield>
  <datafield tag="650" ind1=" " ind2=" ">
    <subfield code="a">Folcklore</subfield>
    <subfield code="9">46108</subfield>
  </datafield>
  <datafield tag="650" ind1=" " ind2=" ">
    <subfield code="a">Literatura cusque&#xF1;a</subfield>
    <subfield code="9">46110</subfield>
  </datafield>
  <datafield tag="650" ind1=" " ind2=" ">
    <subfield code="a">Poetas cusque&#xF1;os</subfield>
    <subfield code="9">5956</subfield>
  </datafield>
  <datafield tag="700" ind1=" " ind2=" ">
    <subfield code="a">Y&#xE9;pez Miranda, Alfredo</subfield>
    <subfield code="9">4230</subfield>
  </datafield>
  <datafield tag="700" ind1=" " ind2=" ">
    <subfield code="a">L&#xF3;pez Alb&#xFA;jar, Enrique</subfield>
    <subfield code="9">6</subfield>
  </datafield>
  <datafield tag="700" ind1=" " ind2=" ">
    <subfield code="a">Navarro del &#xC1;guila, V&#xED;ctor</subfield>
    <subfield code="9">32360</subfield>
  </datafield>
  <datafield tag="700" ind1=" " ind2=" ">
    <subfield code="a">Velasco Astete, Domingo</subfield>
    <subfield code="9">31407</subfield>
  </datafield>
  <datafield tag="700" ind1=" " ind2=" ">
    <subfield code="a">Vidal Unda, Humberto</subfield>
    <subfield code="9">45978</subfield>
  </datafield>
  <datafield tag="700" ind1=" " ind2=" ">
    <subfield code="a">Guti&#xE9;rrez Loayza, Julio</subfield>
    <subfield code="9">46116</subfield>
  </datafield>
  <datafield tag="700" ind1=" " ind2=" ">
    <subfield code="a">Cornejo Bouroncle, Jorge</subfield>
    <subfield code="9">15278</subfield>
  </datafield>
  <datafield tag="942" ind1=" " ind2=" ">
    <subfield code="2">ddc</subfield>
    <subfield code="c">PP</subfield>
  </datafield>
  <datafield tag="945" ind1=" " ind2=" ">
    <subfield code="a">rac</subfield>
  </datafield>
  <datafield tag="952" ind1=" " ind2=" ">
    <subfield code="0">0</subfield>
    <subfield code="2">ddc</subfield>
    <subfield code="4">0</subfield>
    <subfield code="7">0</subfield>
    <subfield code="a">HEM</subfield>
    <subfield code="b">HEM</subfield>
    <subfield code="c">CART</subfield>
    <subfield code="d">2021-07-27</subfield>
    <subfield code="g">10.00</subfield>
    <subfield code="o">Rev.IAAC/N&#xB0;3/1944</subfield>
    <subfield code="p">REVC000224</subfield>
    <subfield code="r">2021-07-27</subfield>
    <subfield code="y">PP</subfield>
  </datafield>
</record>
